Prístupy k meraniu progresivity dane a daň z príjmov fyzických osôb vo vybraných krajinách
Predkladaný príspevok predstavuje prehľad prístupov k meraniu progresivity, hlavne pri dani z príjmov fyzických osôb, ako aj vývoj niektorých ukazovateľov tejto dane vo vybraných krajinách OECD.
Uložené v:
| Hlavný autor: | |
|---|---|
| Médium: | Kapitola |
| Jazyk: | Slovak |
| Predmet: | |
| Tagy: |
Žiadne tagy, Buďte prvý, kto otaguje tento záznam!
|
MARC
| LEADER | 00000nla$a2200000$$$4500 | ||
|---|---|---|---|
| 001 | 0110331 | ||
| 005 | 20240502072221.1 | ||
| 041 | 0 | |a slo | |
| 044 | |a SK | ||
| 245 | 1 | 0 | |a Prístupy k meraniu progresivity dane a daň z príjmov fyzických osôb vo vybraných krajinách |c Michal Borza |
| 520 | |a Predkladaný príspevok predstavuje prehľad prístupov k meraniu progresivity, hlavne pri dani z príjmov fyzických osôb, ako aj vývoj niektorých ukazovateľov tejto dane vo vybraných krajinách OECD. | ||
| 610 | 2 | 0 | |a osoby fyzické |
| 610 | 2 | 0 | |a dane z príjmov |
| 610 | 2 | 0 | |a meranie |
| 610 | 2 | 0 | |a dane progresívne |
| 100 | 1 | |a Borza, Michal | |